[Event "Prague ProMoPro op"]
[Site "Prague"]
[Date "2002.09.13"]
[Round "7.20"]
[White "Pleskovskij, Andrej"]
[Black "Novak, Jindrich"]
[Result "0-1"]
[WhiteElo "2000"]
[BlackElo "1920"]
[PlyCount "126"]
[EventDate "2002.09.07"]
[EventType "swiss"]
[EventRounds "9"]
[EventCountry "CZE"]
[SourceTitle "EXT 2003"]
[Source "ChessBase"]
[SourceDate "2002.11.25"]
[SourceVersion "1"]
[SourceVersionDate "2002.11.25"]
[SourceQuality "1"]

1. d4 b5 2. e4 a6 3. Nf3 Bb7 4. Bd3 e6 5. 0-0 Nf6 6. Re1 d6 7. Bg5 Be7 8. a4 b4 9. c4 Nbd7 10. e5 dxe5 11. dxe5 Nh5 12. Bxe7 Qxe7 13. Be4 Bxe4 14. Rxe4 g6 15. Nbd2 Nc5 16. Rd4 Rd8 17. Nb3 Nxb3 18. Rxd8+ Qxd8 19. Qxb3 a5 20. Rd1 Qe7 21. Qe3 0-0 22. Qa7 g5 23. Qxa5 g4 24. Ne1 Nf4 25. c5 Rd8 26. Rxd8+ Qxd8 27. Qxb4 Qd1 28. Qe4 Nd3 29. Qxd3 Qxe1+ 30. Qf1 Qb4 31. Qc1 Qxa4 32. h3 gxh3 33. Qg5+ Kf8 34. Qh6+ Ke8 35. Qxh3 Qa1+ 36. Kh2 Qxb2 37. Qe3 Qb4 38. f4 Kd7 39. g3 Qb2+ 40. Kh3 Qc2 41. Qd4+ Kc6 42. Qd8 Qf5+ 43. Kg2 h5 44. Qa8+ Kxc5 45. Qa3+ Kd4 46. Qb2+ Kd3 47. Qb5+ Kd2 48. Qa5+ Kd1 49. Qxc7 Qe4+ 50. Kh2 Qe2+ 51. Kh3 Qf1+ 52. Kh2 Qf2+ 53. Kh3 Qf3 54. Qd6+ Ke2 55. Qa6+ Kf2 56. Qa2+ Qe2 57. Qxe2+ Kxe2 58. Kh4 Kf3 59. Kxh5 Kxg3 60. Kg5 Kf3 61. Kf6 Kxf4 62. Kxf7 Kxe5 63. Kg6 Kf4 0-1

[Event "Prague ProMoPro op"]
[Site "Prague"]
[Date "2002.09.09"]
[Round "3.19"]
[White "Pleskovskij, Andrej"]
[Black "Hybl, Vladislav"]
[Result "1/2-1/2"]
[WhiteElo "2000"]
[BlackElo "1813"]
[PlyCount "21"]
[EventDate "2002.09.07"]
[EventType "swiss"]
[EventRounds "9"]
[EventCountry "CZE"]
[SourceTitle "EXT 2003"]
[Source "ChessBase"]
[SourceDate "2002.11.25"]
[SourceVersion "1"]
[SourceVersionDate "2002.11.25"]
[SourceQuality "1"]

1. d4 e6 2. c4 f5 3. g3 Nf6 4. Bg2 d5 5. cxd5 exd5 6. Nf3 Bd6 7. Bg5 0-0 8. 0-0 Be6 9. Nc3 c6 10. Bf4 Bxf4 11. gxf4 1/2-1/2